乃木坂46 6期生 - Statistics

General Stats
  • This quiz has been taken 31 times
  • The average score is 7 of 11
Answer Stats
Answer % Correct
矢田萌華
92%
瀬戸口心月
84%
大越ひなの
80%
愛宕心響
76%
増田三莉音
72%
長嶋凛桜
60%
小津玲奈
56%
海邉朱莉
56%
川端晃菜
56%
森平麗心
56%
鈴木佑捺
52%
No matching quizzes found
Score Distribution
Percent of People with Each Score
Percentile by Number Answered
Your Score History
You have not taken this quiz